Päť rokov pôsobenia v PD Mlynica stačilo mladému Ľ. Dorkovi, aby sa stal jeho predsedom namiesto v Bruseli, v Mlynici pod Tatrami

Bibliographic Details
Main Author: Toroková, Veronika (Author)
Format: Article
Language:Slovak
PhysicalDescription:Fotogr.
ISSN:1335-2466
Subjects:

MARC

LEADER 00000nab a2200000 a 4500
001 vtls009169043
003 SK-MaSNL
005 20260304153436.0
008 250506c2007 xo |||||||||||000 b|slo
015 |a SNBRB2007/12  |2 snkbucl 
035 |a (uuid)0b01c54b-798b-44c2-a838-f72b38f0a465 
035 |a urn:nbn:sk:snk-ab11f8 
035 |a (urnnbn)urn:nbn:sk:snk:ar-a04ky9 
038 |a SNKBUCL 
040 |a SNKBUCL  |b slo  |c SNKBUCL  |e AACR2 
041 0 |a slo 
044 |a xo  |c SK 
080 |a 631.115.8  |x (437.6)  |2 1997 
100 1 |a Toroková, Veronika  |4 aut  |9 267629 
245 1 0 |a Päť rokov pôsobenia v PD Mlynica stačilo mladému Ľ. Dorkovi, aby sa stal jeho predsedom  |b namiesto v Bruseli, v Mlynici pod Tatrami 
300 |b Fotogr. 
610 2 7 |a Poľnohospodárske družstvo (Mlynica, Slovensko)  |2 snkbucl  |9 1095589 
651 7 |a Mlynica (Slovensko)  |2 snkbucl  |9 55021 
651 7 |a Poprad (Slovensko : okres)  |2 snkbucl  |9 28675 
773 0 |t Naše pole  |g Roč. XI, č. 12 (2007), s. 6-8  |x 1335-2466 
850 |a Slovenská národná knižnica 
852 |a Slovenská národná knižnica 
954 |a odborná, vedecká literatúra pôvodná (slovenská)  |2 lita 
958 |a article27 
958 |a SK 
958 |a OND 
958 |a EUIPO 
999 |c 2953708  |d 2955638